Exercicios espirituales para los sacerdotes
Guardat en:
| Autor principal: | |
|---|---|
| Format: | Llibre |
| Idioma: | espanyol |
| Publicat: |
Madrid
Imprenta de Collado
1814
|
| Edició: | 3a. ed |
| Matèries: | |
| Etiquetes: |
Afegir etiqueta
Sense etiquetes, Sigues el primer a etiquetar aquest registre!
|
MARC
| LEADER | 00000cam a2200000 a 4500 | ||
|---|---|---|---|
| 001 | UCD0294 | ||
| 003 | CL-VaPUC | ||
| 008 | 151120e18140000sp |||||||||||||||||spa|d | ||
| 082 | 0 | 4 | |a 262.932 |b SAN |2 21 |
| 100 | 0 | |a Santander, Miguel de |e author |9 583282 | |
| 245 | 1 | 0 | |a Exercicios espirituales para los sacerdotes |
| 250 | |a 3a. ed | ||
| 300 | |a t | ||
| 942 | |c BK | ||
| 945 | |d 20151120 13:39:00 |a gsalatino | ||
| 260 | |a Madrid |b Imprenta de Collado |c 1814 | ||
| 650 | 0 | |a Espiritualidad |9 267331 | |
| 650 | 7 | |a MEDITACION |2 CL-VaPUC |9 313094 | |
| 650 | 0 | |a Ejercicios espirituales |9 318608 | |
| 650 | 0 | |a Sacerdotes |9 315705 | |
| 650 | 0 | |a Vida religiosa |9 257284 | |
| 583 | |a last modification |c 20151120 13:39:00 |k Rodrigo Vera | ||
| 999 | |c 361860 |d 361858 | ||
| 952 | |0 0 |1 0 |3 erd |4 0 |6 262_932000000000000_SAN_1814 |7 0 |8 P |9 472603 |a BIBTEO |b BIBTES |c TEO_FTES |h t.1 |i 5271215 |o 262.932 SAN 1814 |p 5271215 |r 2024-01-18 |w 2019-11-24 |y BK |z Catalogado en:20151120 |k ICR | ||